000 01640nam a2200493 i 4500
001 24743
003 KOSZ 005
005 20220607125621.0
008 970510s1995 pl a |000 0 pol
015 _aUWD 1995/10683
020 _a8301118636
035 _a991000189179705066
035 _a(PL-WaBN)b10094726-48omnis_nlop
035 _ab10094726
035 _a(OCoLC)830051226
035 _azz2004922769
035 _a(PL)b0000001009472
035 _a(EXLNZ-48OMNIS_NETWORK)9910320366705606
040 _aWA N
_cWA N
_dKOSZ 005/HR
046 _k1995
080 _a338.1(438)(091)
080 _a(075.8)
100 1 _aSkodlarski, Janusz
_d(1947- )
_eAutor
245 1 0 _aZarys historii gospodarczej Polski do 1939 roku /
_cJanusz Skodlarski.
260 _aWarszawa ; Łódź :
_bWydawnictwo Naukowe PWN,
_c1995.
300 _a321, [3] s. :
_bfaks., mapy, portr., rys., wykr. ;
_c21 cm.
336 _aTekst
_btxt
_2rdacontent
337 _aBez urządzenia pośredniczącego
_bn
_2rdamedia
338 _aWolumin
_bnc
_2rdacarrier
380 _aKsiążki
388 _a1901-2000
388 _a1989-2000
504 _aBibliogr. przy rozdz.
521 _aDla studentów uczelni i wydz. ekonomicznych.
650 7 _aHistoria gospodarcza
651 7 _aPolska
_2DBN
655 7 _aPodręczniki akademickie
_2DBN
658 _aGospodarka, ekonomia, finanse
658 _aHistoria
710 2 _aWydawnictwo Naukowe PWN
_4pbl
856 _uhttp://koha.tu.koszalin.pl/cgi-bin/koha/opac-detail.pl?biblionumber=24743
_yKatalog online BPK
942 _2UKD
_cKS
999 _c24743
_d24743